000 00330pab a2200145 454500
008 180718b2005 xxu||||| |||| 00| 0 eng d
100 _aSingh, Shekhar
245 _aThe notion of transparency
260 _c2005
300 _ap.46-49.
362 _aJul
650 _aRight to information
773 _aSeminar
909 _a65905
999 _c65905
_d65905